[Event "Sudest Regional-ch"]
[Site "Pindamonhangaba"]
[Date "2025.03.21"]
[Round "3"]
[White "Silva, Davi Maia"]
[Black "Miranda, Robson Daniel Paiva"]
[Result "1-0"]
[WhiteElo "1785"]
[BlackElo "1860"]
[PlyCount "50"]
[EventDate "2025.03.20"]
[EventType "swiss"]
[EventRounds "6"]
[EventCountry "BRA"]
[SourceTitle "CB13_2025"]
[SourceDate "2025.03.26"]
[SourceVersion "1"]
[SourceVersionDate "2025.03.26"]
[SourceQuality "1"]

1. e4 e5 2. Nf3 Nc6 3. Bc4 d6 4. Nc3 Bg4 5. h3 Bh5 6. Nxe5 Nxe5 7. Qxh5 Nf6 8. Qe2 Be7 9. d4 Nxc4 10. Qxc4 0-0 11. 0-0 Nxe4 12. Nxe4 d5 13. Qd3 dxe4 14. Qxe4 Bf6 15. c3 c6 16. Re1 Qb6 17. Qc2 Rad8 18. Be3 Qa5 19. Re2 h6 20. b4 Qd5 21. Rae1 Qc4 22. Bf4 b6 23. Qb3 Qa6 24. a4 c5 25. bxc5 bxc5 1-0

[Event "Campos do Jordao op"]
[Site "Campos do Jordao"]
[Date "2024.01.14"]
[Round "5"]
[White "Machado, Marcos Donizete"]
[Black "Silva, Davi Maia"]
[Result "1-0"]
[WhiteElo "1547"]
[BlackElo "1800"]
[PlyCount "33"]
[EventDate "2024.01.12"]
[EventType "swiss"]
[EventRounds "5"]
[EventCountry "BRA"]
[SourceTitle "CBM 218 Extra"]
[Source "ChessBase"]
[SourceDate "2024.03.31"]
[SourceVersion "1"]
[SourceVersionDate "2024.03.31"]
[SourceQuality "1"]

1. e4 c6 2. Nf3 d5 3. Nc3 Bg4 4. h3 Bh5 5. g4 Bg6 6. exd5 cxd5 7. d4 e6 8. Bb5+ Nc6 9. Ne5 Nge7 10. h4 h6 11. Qf3 f6 12. Nxg6 Nxg6 13. h5 Nge7 14. Be3 a6 15. Ba4 b5 16. Bb3 Qb6 17. Ne2 1-0

[Event "Campos do Jordao op"]
[Site "Campos do Jordao"]
[Date "2024.01.13"]
[Round "2"]
[White "De Paula, Luan Araujo"]
[Black "Silva, Davi Maia"]
[Result "1-0"]
[WhiteElo "1863"]
[BlackElo "1800"]
[PlyCount "83"]
[EventDate "2024.01.12"]
[EventType "swiss"]
[EventRounds "5"]
[EventCountry "BRA"]
[SourceTitle "CBM 218 Extra"]
[Source "ChessBase"]
[SourceDate "2024.03.31"]
[SourceVersion "1"]
[SourceVersionDate "2024.03.31"]
[SourceQuality "1"]

1. e4 c5 2. Nf3 d6 3. Bb5+ Bd7 4. Bxd7+ Qxd7 5. c4 Nc6 6. d4 cxd4 7. Nxd4 g6 8. Nc3 Bg7 9. Be3 Nf6 10. f3 Rc8 11. b3 a6 12. 0-0 0-0 13. Rc1 Rfd8 14. Qd2 Qc7 15. Nd5 Nxd5 16. cxd5 Qa5 17. Nxc6 Qxd2 18. Nxe7+ Kf8 19. Nxg6+ hxg6 20. Bxd2 Bd4+ 21. Kh1 Kg7 22. Rxc8 Rxc8 23. Rc1 Rxc1+ 24. Bxc1 Kf6 25. g3 Ke7 26. Kg2 Be5 27. Be3 Bc3 28. Kh3 f6 29. Kg4 Be5 30. h4 f5+ 31. exf5 gxf5+ 32. Kxf5 Bxg3 33. Bg5+ Kf7 34. Bf6 Be1 35. h5 Bd2 36. f4 Bxf4 37. Kxf4 Kxf6 38. h6 Kg6 39. h7 Kxh7 40. Kf5 Kg7 41. Ke6 Kf8 42. Kxd6 1-0